00314nam a2200133Ia 4500008004100000041001200041082001600053100001600069245003900085260002500124300000800149650000700157700001600164221030s9999 xx 000 0 und d aEnglish a105.23bSmi aS. P. Smith 0aProblems in Electrical Engineering bCBS PubaDelhic1984 a398 aEE aN. N. Smith